000 00303nam a2200133 4500
999 _c11567
_d11567
003 OSt
005 20230530160457.0
008 230530b ||||| |||| 00| 0 eng d
020 _a9781857320985
100 _aMitchell Beazley
245 _aVictorian style
260 _bMitchell beazley
942 _2ddc